| 000 | 00622cad a22002055a 4500 | ||
|---|---|---|---|
| 001 | L156478 | ||
| 008 | 120528e20120519xxk 000 0 eng d | ||
| 035 | _a(Sirsi) u156478 | ||
| 041 | 0 | _aeng | |
| 100 | 1 | _aOliver, Laura | |
| 245 | 0 | 0 | _aBanking on insurance |
| 260 | _c2012 | ||
| 490 |
_aEstates Gazette _v(1220) 19 May 2012, 87(3) |
||
| 520 | _aDiscusses the impact that properties with high risk from flooding have for mortgage lenders. Suggests way that lenders can protect themselves. | ||
| 590 | _aKA | ||
| 651 | 4 |
_aUnited Kingdom _y |
|
| 690 |
_aHydrography _96245 |
||
| 690 |
_aInsurance _96249 |
||
| 942 | _n0 | ||
| 999 |
_c84036 _d84036 |
||